|
|
|
|
| LEADER |
00000cam a22000004a 4500 |
| 001 |
musev2_83090 |
| 003 |
MdBmJHUP |
| 005 |
20230905052532.0 |
| 006 |
m o d |
| 007 |
cr||||||||nn|n |
| 008 |
100217s2005 nju o 00 0 eng d |
| 020 |
|
|
|a 9780691228402
|
| 020 |
|
|
|z 9780691124049
|
| 020 |
|
|
|z 9780691099996
|
| 035 |
|
|
|a (OCoLC)1273307507
|
| 040 |
|
|
|a MdBmJHUP
|c MdBmJHUP
|
| 100 |
1 |
|
|a Ehrlich, Robert
|d 1938-
|e Verfasser
|4 aut
|
| 245 |
1 |
0 |
|a Eight Preposterous Propositions :
|b From the Genetics of Homosexuality to the Benefits of Global Warming /
|c Robert Ehrlich.
|
| 250 |
|
|
|a 2. print., and 1. paperback print.
|
| 264 |
|
1 |
|a Princeton, NJ
|b Princeton Univ. Press
|c 2005
|
| 264 |
|
3 |
|a Baltimore, Md. :
|b Project MUSE,
|c 2021
|
| 264 |
|
4 |
|c ©2005
|
| 300 |
|
|
|a 1 online resource (352 pages):
|b Illustrationen, Diagramme
|
| 336 |
|
|
|a text
|b txt
|2 rdacontent
|
| 337 |
|
|
|a computer
|b c
|2 rdamedia
|
| 338 |
|
|
|a online resource
|b cr
|2 rdacarrier
|
| 500 |
|
|
|a 2003
|
| 588 |
|
|
|a Description based on print version record.
|
| 650 |
|
4 |
|a Hypothesis
|
| 650 |
|
4 |
|a Science
|
| 655 |
|
7 |
|a Electronic books.
|2 local
|
| 710 |
2 |
|
|a Project Muse.
|e distributor
|
| 830 |
|
0 |
|a Book collections on Project MUSE.
|
| 856 |
4 |
0 |
|z Texto completo
|u https://projectmuse.uam.elogim.com/book/83090/
|
| 945 |
|
|
|a Project MUSE - Custom Collection
|